Т. 4; Собрание сочинений; Люди сороковых годов

Bibliographic Details
Parent link:Собрание сочинений: в 9 т./ А. Ф. Писемский; издание выходит под наблюдением А. П. Могилянского. Т. 4.— , 1959
Other Authors: Могилянский А. П. (автор предисловия), Могилянский Е. Б. (иллюстратор), Данилов В. В., Пинкисевич П.
Language:Russian
Published: 1959
TOC:Люди сороковых годов;
Subjects:
Format: MixedMaterials Book
KOHA link:https://koha.lib.tpu.ru/cgi-bin/koha/opac-detail.pl?biblionumber=272561

MARC

LEADER 00000nam2a2200000 4500
001 272561
005 20231101234539.0
035 |a (RuTPU)RU\TPU\book\295768 
035 |a RU\TPU\book\295764 
090 |a 272561 
100 |a 20141020d1959 m y0rusy50 ca 
101 0 |a rus 
102 |a RU 
105 |a a z 001ay 
200 0 |a Т. 4  |f подготовка текста А. П. и Е. Б. Могилянских, примеч. А. П. Могилянского и В. В. Данилова ; ил. худож. П. Пинкисевича 
210 |d 1959 
215 |a 310 с., [3] вкл.л.  |c ил. 
316 |5 63413507: 971903  |a На титульном листе владельческая подпись: "Бутаков" 
317 |5 63413507: 971903  |a Поступила в НТБ в 1970 г. в составе книжного собрания профессора ТПИ И. Н. Бутакова 
320 |a Примечания: с. 303-310 
461 1 |0 (RuTPU)RU\TPU\book\295673  |t Собрание сочинений  |o в 9 т.  |f А. Ф. Писемский  |g издание выходит под наблюдением А. П. Могилянского  |v Т. 4  |d 1959  |s Библиотека "Огонёк" 
464 |t Люди сороковых годов  |o роман в 5-ти частях  |h Ч.1 и 2 
606 1 |a Русская литература, дореволюционная  |2 stltpush  |3 (RuTPU)RU\TPU\subj\26371  |9 50314 
610 1 |a 19 век 
610 1 |a библиотека И. Н. Бутакова 
610 1 |a владельческая надпись 
675 |a Р1  |v 3 
702 1 |a Могилянский  |b А. П.  |4 080 
702 1 |a Могилянский  |b Е. Б.  |4 080 
702 1 |a Данилов  |b В. В.  |4 080 
702 1 |a Пинкисевич  |b  П.  |4 440 
801 1 |a RU  |b 63413507  |c 20141017 
801 2 |a RU  |b 63413507  |c 20191007  |g RCR 
942 |c BK